[Event "56th Hull Congress"]
[Site "Hull"]
[Date "2019.11.03"]
[Round "5"]
[Board "11"]
[White "Merriman, James"]
[Black "Varney, Zoe"]
[Result "1/2-1/2"]
[WhiteElo "1891"]
[BlackElo "2009"]
[PlyCount "0"]
[EventDate "2019.11.01"]
[EventRounds "5"]
[EventCountry "ENG"]

1. d4 {[%clk 01:30:12]} {[%emt 00:00:46]} d5 {[%clk 01:30:58]} {[%emt
00:00:05]} 2. c4 {[%clk 01:30:31]} {[%emt 00:00:10]} c6 {[%clk 01:31:26]}
{[%emt 00:00:03]} 3. Nc3 {[%clk 01:30:53]} {[%emt 00:00:07]} Nf6 {[%clk
01:31:52]} {[%emt 00:00:04]} 4. Nf3 {[%clk 01:31:18]} {[%emt 00:00:04]} e6
{[%clk 01:32:14]} {[%emt 00:00:09]} 5. Bg5 {[%clk 01:31:41]} {[%emt 00:00:05]}
Nbd7 {[%clk 01:32:41]} {[%emt 00:00:05]} 6. cxd5 {[%clk 01:31:52]} {[%emt
00:00:18]} exd5 {[%clk 01:33:04]} {[%emt 00:00:08]} 7. e3 {[%clk 01:32:08]}
{[%emt 00:00:13]} Be7 {[%clk 01:33:26]} {[%emt 00:00:09]} 8. Bd3 {[%clk
01:32:20]} {[%emt 00:00:16]} h6 {[%clk 01:33:53]} {[%emt 00:00:05]} 9. Bh4
{[%clk 01:32:41]} {[%emt 00:00:09]} O-O {[%clk 01:34:17]} {[%emt 00:00:06]} 10.
Qc2 {[%clk 01:32:16]} {[%emt 00:00:54]} Re8 {[%clk 01:30:23]} {[%emt 00:04:25]}
11. O-O {[%clk 01:31:04]} {[%emt 00:01:42]} b6 {[%clk 01:26:40]} {[%emt
00:04:14]} 12. Rae1 {[%clk 01:31:14]} {[%emt 00:00:19]} Bb7 {[%clk 01:24:11]}
{[%emt 00:02:59]} 13. Ne5 {[%clk 01:30:54]} {[%emt 00:00:50]} Nxe5 {[%clk
01:17:41]} {[%emt 00:07:00]} 14. dxe5 {[%clk 01:31:09]} {[%emt 00:00:13]} Nd7
{[%clk 01:17:24]} {[%emt 00:00:49]} 15. Bxe7 {[%clk 01:30:25]} {[%emt
00:01:14]} Qxe7 {[%clk 01:11:47]} {[%emt 00:06:06]} 16. f4 {[%clk 01:30:40]}
{[%emt 00:00:14]} f6 {[%clk 01:07:01]} {[%emt 00:05:18]} 17. Bg6 {[%clk
01:27:49]} {[%emt 00:03:20]} Red8 {[%clk 01:03:01]} {[%emt 00:04:29]} 18. exf6
{[%clk 01:22:20]} {[%emt 00:05:58]} Nxf6 {[%clk 01:03:12]} {[%emt 00:00:21]} 19.
e4 {[%clk 01:19:47]} {[%emt 00:03:02]} Qc5+ {[%clk 01:00:57]} {[%emt 00:02:46]}
20. Kh1 {[%clk 01:18:39]} {[%emt 00:01:37]} Ba6 {[%clk 00:55:54]} {[%emt
00:05:34]} 21. Rf3 {[%clk 01:02:37]} {[%emt 00:16:32]} d4 {[%clk 00:43:45]}
{[%emt 00:12:39]} 22. e5 {[%clk 01:02:44]} {[%emt 00:00:23]} Ne8 {[%clk
00:34:47]} {[%emt 00:09:28]} 23. Nd1 {[%clk 01:02:26]} {[%emt 00:00:48]} Qxc2
{[%clk 00:26:53]} {[%emt 00:08:24]} 24. Bxc2 {[%clk 01:02:49]} {[%emt
00:00:07]} c5 {[%clk 00:26:10]} {[%emt 00:01:14]} 25. f5 {[%clk 01:02:15]}
{[%emt 00:01:03]} d3 {[%clk 00:23:52]} {[%emt 00:02:49]} 26. Bb1 {[%clk
01:01:27]} {[%emt 00:01:16]} Rd7 {[%clk 00:18:33]} {[%emt 00:05:50]} 27. Rg3
{[%clk 01:00:18]} {[%emt 00:01:38]} Kf8 {[%clk 00:12:59]} {[%emt 00:06:06]} 28.
Rge3 {[%clk 00:50:12]} {[%emt 00:10:34]} Rd4 {[%clk 00:08:26]} {[%emt
00:05:04]} 29. Nf2 {[%clk 00:48:03]} {[%emt 00:02:38]} Rad8 {[%clk 00:06:08]}
{[%emt 00:02:49]} 30. Kg1 {[%clk 00:45:21]} {[%emt 00:03:10]} c4 {[%clk
00:05:13]} {[%emt 00:01:27]} 31. Rd1 {[%clk 00:42:09]} {[%emt 00:03:42]} Bb7
{[%clk 00:04:57]} {[%emt 00:00:47]} 32. a4 {[%clk 00:32:39]} {[%emt 00:09:59]}
a6 {[%clk 00:04:28]} {[%emt 00:00:59]} 33. b3 {[%clk 00:32:19]} {[%emt
00:00:50]} b5 {[%clk 00:04:55]} {[%emt 00:00:04]} 34. axb5 {[%clk 00:32:35]}
{[%emt 00:00:14]} axb5 {[%clk 00:05:22]} {[%emt 00:00:03]} 35. g4 {[%clk
00:32:31]} {[%emt 00:00:33]} Rf4 {[%clk 00:05:25]} {[%emt 00:00:28]} 36. h3
{[%clk 00:31:12]} {[%emt 00:01:49]} Bf3 {[%clk 00:04:01]} {[%emt 00:01:53]} 37.
Rd2 {[%clk 00:29:24]} {[%emt 00:02:18]} h5 {[%clk 00:03:47]} {[%emt 00:00:44]}
38. bxc4 {[%clk 00:27:17]} {[%emt 00:02:38]} bxc4 {[%clk 00:04:13]} {[%emt
00:00:04]} 39. Bxd3 {[%clk 00:26:09]} {[%emt 00:01:37]} hxg4 {[%clk 00:03:47]}
{[%emt 00:00:57]} 40. hxg4 {[%clk 00:25:49]} {[%emt 00:00:48]} Bxg4 {[%clk
00:03:05]} {[%emt 00:01:13]} 41. f6 {[%clk 00:24:13]} {[%emt 00:02:06]} gxf6
{[%clk 00:02:47]} {[%emt 00:00:48]} 42. exf6 {[%clk 00:24:33]} {[%emt
00:00:11]} cxd3 {[%clk 00:02:16]} {[%emt 00:01:01]} 43. Rdxd3 {[%clk 00:24:07]}
{[%emt 00:00:55]} Rxd3 {[%clk 00:02:01]} {[%emt 00:00:45]} 44. Rxd3 {[%clk
00:24:19]} {[%emt 00:00:16]} Nxf6 {[%clk 00:01:42]} {[%emt 00:00:51]} 45. Nxg4
{[%clk 00:24:27]} {[%emt 00:00:21]} Rxg4+ {[%clk 00:02:04]} {[%emt 00:00:09]}
46. Kf2 {[%clk 00:24:19]} {[%emt 00:00:37]} Ke7 {[%clk 00:02:24]} {[%emt
00:00:11]} 47. Re3+ {[%clk 00:24:26]} {[%emt 00:00:23]} Kd6 {[%clk 00:02:32]}
{[%emt 00:00:23]} 48. Ra3 {[%clk 00:23:38]} {[%emt 00:01:17]} Ke5 {[%clk
00:02:46]} {[%emt 00:00:16]} 49. Ra5+ {[%clk 00:23:52]} {[%emt 00:00:15]} Kf4
{[%clk 00:03:03]} {[%emt 00:00:14]} 50. Ra8 {[%clk 00:23:36]} {[%emt 00:00:45]}
Ne4+ {[%clk 00:03:25]} {[%emt 00:00:08]} 51. Ke2 {[%clk 00:23:35]} {[%emt
00:00:29]} Rg2+ {[%clk 00:03:44]} {[%emt 00:00:14]} 52. Kd3 {[%clk 00:23:45]}
{[%emt 00:00:18]} Rd2+ {[%clk 00:03:53]} {[%emt 00:00:22]} 53. Kc4 {[%clk
00:23:58]} {[%emt 00:00:14]} Nd6+ {[%clk 00:03:48]} {[%emt 00:00:39]} 54. Kc3
{[%clk 00:23:21]} {[%emt 00:01:04]} Ke3 {[%clk 00:04:09]} {[%emt 00:00:12]} 55.
Rh8 {[%clk 00:23:08]} {[%emt 00:00:42]} Ne4+ {[%clk 00:03:38]} {[%emt
00:01:02]} 56. Kc4 {[%clk 00:23:23]} {[%emt 00:00:11]} Rd4+ {[%clk 00:03:54]}
{[%emt 00:00:17]} 57. Kb5 {[%clk 00:23:43]} {[%emt 00:00:10]} Rd6 {[%clk
00:01:23]} {[%emt 00:03:02]} 58. Rh1 {[%clk 00:23:38]} {[%emt 00:00:33]} Kf4
{[%clk 00:01:15]} {[%emt 00:00:39]} 59. Kb4 {[%clk 00:22:54]} {[%emt 00:01:14]}
Rc6 {[%clk 00:01:17]} {[%emt 00:00:29]} 60. Kb5 {[%clk 00:23:07]} {[%emt
00:00:17]} Rc8 {[%clk 00:01:35]} {[%emt 00:00:12]} 61. Rh5 {[%clk 00:22:26]}
{[%emt 00:01:10]} Ke3 {[%clk 00:01:39]} {[%emt 00:00:26]} 62. Rh1 {[%clk
00:22:24]} {[%emt 00:00:32]} Kd4 {[%clk 00:01:47]} {[%emt 00:00:23]} 63. Rd1+
{[%clk 00:22:44]} {[%emt 00:00:07]} Ke5 {[%clk 00:02:13]} {[%emt 00:00:07]} 64.
Kb6 {[%clk 00:22:48]} {[%emt 00:00:17]} Rc2 {[%clk 00:02:05]} {[%emt 00:00:47]}
65. Rd3 {[%clk 00:22:24]} {[%emt 00:00:54]}  1/2-1/2

[Event "56th Hull Congress"]
[Site "Hull"]
[Date "2019.11.03"]
[Round "5"]
[Board "12"]
[White "Nandi, Robin J"]
[Black "Burnett, Jim"]
[Result "0-1"]
[WhiteElo "1930"]
[BlackElo "2037"]
[PlyCount "0"]
[EventDate "2019.11.01"]
[EventRounds "5"]
[EventCountry "ENG"]

1. e4 {[%clk 01:30:57]} {[%emt 00:00:03]} e6 {[%clk 01:30:57]} {[%emt
00:00:04]} 2. d4 {[%clk 01:31:22]} {[%emt 00:00:04]} d5 {[%clk 01:31:25]}
{[%emt 00:00:03]} 3. Nc3 {[%clk 01:31:46]} {[%emt 00:00:06]} Bb4 {[%clk
01:31:50]} {[%emt 00:00:04]} 4. e5 {[%clk 01:32:09]} {[%emt 00:00:06]} c5
{[%clk 01:32:18]} {[%emt 00:00:04]} 5. a3 {[%clk 01:32:34]} {[%emt 00:00:05]}
Bxc3+ {[%clk 01:32:42]} {[%emt 00:00:05]} 6. bxc3 {[%clk 01:32:59]} {[%emt
00:00:05]} Ne7 {[%clk 01:33:09]} {[%emt 00:00:03]} 7. Qg4 {[%clk 01:31:19]}
{[%emt 00:02:10]} Qc7 {[%clk 01:33:30]} {[%emt 00:00:10]} 8. Qxg7 {[%clk
01:31:18]} {[%emt 00:00:30]} Rg8 {[%clk 01:33:56]} {[%emt 00:00:04]} 9. Qxh7
{[%clk 01:31:41]} {[%emt 00:00:08]} cxd4 {[%clk 01:34:19]} {[%emt 00:00:06]} 10.
Ne2 {[%clk 01:31:45]} {[%emt 00:00:25]} dxc3 {[%clk 01:34:37]} {[%emt
00:00:13]} 11. f4 {[%clk 01:32:01]} {[%emt 00:00:13]} Nbc6 {[%clk 01:34:57]}
{[%emt 00:00:11]} 12. Qd3 {[%clk 01:31:21]} {[%emt 00:01:10]} Bd7 {[%clk
01:35:18]} {[%emt 00:00:09]} 13. Nxc3 {[%clk 01:27:46]} {[%emt 00:04:05]} a6
{[%clk 01:34:52]} {[%emt 00:00:57]} 14. Be3 {[%clk 01:26:51]} {[%emt 00:01:24]}
Nf5 {[%clk 01:31:28]} {[%emt 00:03:54]} 15. Bf2 {[%clk 01:26:34]} {[%emt
00:00:46]} Rc8 {[%clk 01:29:55]} {[%emt 00:02:03]} 16. Kd1 {[%clk 01:03:22]}
{[%emt 00:23:41]} Na5 {[%clk 01:26:37]} {[%emt 00:03:49]} 17. Ne2 {[%clk
01:01:25]} {[%emt 00:02:27]} Bb5 {[%clk 01:25:45]} {[%emt 00:01:22]} 18. Qd2
{[%clk 01:00:03]} {[%emt 00:01:52]} Nc4 {[%clk 01:25:18]} {[%emt 00:00:58]} 19.
Qc3 {[%clk 00:58:19]} {[%emt 00:02:13]} Nce3+ {[%clk 01:24:17]} {[%emt
00:01:31]} 20. Kd2 {[%clk 00:56:03]} {[%emt 00:02:46]} Nxf1+ {[%clk 01:21:45]}
{[%emt 00:03:02]} 21. Raxf1 {[%clk 00:53:40]} {[%emt 00:02:53]} Qxc3+ {[%clk
01:22:03]} {[%emt 00:00:13]} 22. Nxc3 {[%clk 00:54:04]} {[%emt 00:00:05]} Bxf1
{[%clk 01:22:27]} {[%emt 00:00:07]} 23. Rxf1 {[%clk 00:53:50]} {[%emt
00:00:44]} Rxg2 {[%clk 01:22:46]} 24. Kd3 {[%clk 00:51:23]} {[%emt 00:03:08]}
Rxh2 {[%clk 01:22:39]} {[%emt 00:00:37]} 25. Ne2 {[%clk 00:48:11]} {[%emt
00:03:41]} Rh3+ {[%clk 01:20:48]} {[%emt 00:02:21]} 26. Kd2 {[%clk 00:48:00]}
{[%emt 00:00:41]} Rxa3 {[%clk 01:21:07]} {[%emt 00:00:12]} 27. Rh1 {[%clk
00:47:11]} {[%emt 00:01:18]} Ke7 {[%clk 01:20:53]} {[%emt 00:00:44]} 28. Rb1
{[%clk 00:42:43]} {[%emt 00:04:58]} b5 {[%clk 01:21:07]} {[%emt 00:00:16]} 29.
Rb2 {[%clk 00:42:41]} {[%emt 00:00:32]} Rh3 {[%clk 01:19:58]} {[%emt 00:01:39]}
30. Nc1 {[%clk 00:42:28]} {[%emt 00:00:43]} Rh2 {[%clk 01:18:40]} {[%emt
00:01:49]} 31. Nd3 {[%clk 00:42:29]} {[%emt 00:00:28]} Ng3 {[%clk 01:17:57]}
{[%emt 00:01:13]} 32. Ke3 {[%clk 00:40:19]} {[%emt 00:02:41]} Ne4 {[%clk
01:17:45]} {[%emt 00:00:42]} 33. Ra2 {[%clk 00:39:50]} {[%emt 00:00:59]} Rh3+
{[%clk 01:17:04]} {[%emt 00:01:10]}  0-1

[Event "56th Hull Congress"]
[Site "Hull"]
[Date "2019.11.03"]
[Round "5"]
[Board "13"]
[White "Chan, Sheng Liang Bernard"]
[Black "Ther, Mate"]
[Result "1/2-1/2"]
[WhiteElo "1776"]
[BlackElo "2003"]
[PlyCount "0"]
[EventDate "2019.11.01"]
[EventRounds "5"]
[EventCountry "ENG"]

1. d4 {[%clk 01:30:57]} {[%emt 00:00:02]} Nf6 {[%clk 01:30:48]} {[%emt
00:00:12]} 2. Nf3 {[%clk 01:31:21]} {[%emt 00:00:06]} e6 {[%clk 01:31:15]}
{[%emt 00:00:04]} 3. Bf4 {[%clk 01:31:46]} {[%emt 00:00:04]} c5 {[%clk
01:31:41]} {[%emt 00:00:04]} 4. c3 {[%clk 01:32:07]} {[%emt 00:00:09]} cxd4
{[%clk 01:31:48]} {[%emt 00:00:23]} 5. cxd4 {[%clk 01:32:17]} {[%emt 00:00:21]}
b6 {[%clk 01:32:12]} {[%emt 00:00:05]} 6. e3 {[%clk 01:32:31]} {[%emt
00:00:17]} Bb7 {[%clk 01:32:38]} {[%emt 00:00:03]} 7. Be2 {[%clk 01:32:07]}
{[%emt 00:00:54]} Be7 {[%clk 01:33:02]} {[%emt 00:00:06]} 8. O-O {[%clk
01:32:21]} {[%emt 00:00:16]} Nh5 {[%clk 01:32:52]} {[%emt 00:00:39]} 9. Bxb8
{[%clk 01:29:22]} {[%emt 00:03:30]} Rxb8 {[%clk 01:32:04]} {[%emt 00:01:18]} 10.
Ne5 {[%clk 01:29:03]} {[%emt 00:00:49]} Nf6 {[%clk 01:32:23]} {[%emt 00:00:11]}
11. Qa4 {[%clk 01:28:55]} {[%emt 00:00:38]} a6 {[%clk 01:32:07]} {[%emt
00:00:47]} 12. Bf3 {[%clk 01:28:30]} {[%emt 00:00:54]} b5 {[%clk 01:27:43]}
{[%emt 00:04:54]} 13. Qd1 {[%clk 01:28:47]} {[%emt 00:00:13]} Nd5 {[%clk
01:27:28]} {[%emt 00:00:45]} 14. Nc3 {[%clk 01:28:35]} {[%emt 00:00:42]} Nxc3
{[%clk 01:26:21]} {[%emt 00:01:38]} 15. bxc3 {[%clk 01:28:59]} {[%emt
00:00:06]} Bxf3 {[%clk 01:26:21]} {[%emt 00:00:29]} 16. Qxf3 {[%clk 01:27:52]}
{[%emt 00:01:36]} O-O {[%clk 01:25:59]} {[%emt 00:00:53]} 17. a4 {[%clk
01:25:51]} {[%emt 00:02:31]} f6 {[%clk 01:23:18]} {[%emt 00:03:11]} 18. Nd3
{[%clk 01:25:00]} {[%emt 00:01:21]} bxa4 {[%clk 01:23:25]} {[%emt 00:00:24]} 19.
Rxa4 {[%clk 01:25:09]} {[%emt 00:00:21]} Rb3 {[%clk 01:23:39]} {[%emt
00:00:15]} 20. Rxa6 {[%clk 01:24:25]} {[%emt 00:01:15]} Rxc3 {[%clk 01:23:29]}
{[%emt 00:00:40]} 21. Nf4 {[%clk 01:24:03]} {[%emt 00:00:51]} Qc7 {[%clk
01:20:13]} {[%emt 00:03:44]} 22. g3 {[%clk 01:23:12]} {[%emt 00:01:23]} Rb8
{[%clk 01:15:23]} {[%emt 00:05:20]} 23. h4 {[%clk 01:19:28]} {[%emt 00:04:14]}
Qc4 {[%clk 01:12:24]} {[%emt 00:03:27]} 24. Ra7 {[%clk 01:15:48]} {[%emt
00:04:12]} Rd8 {[%clk 01:08:55]} {[%emt 00:03:58]} 25. Qe4 {[%clk 01:13:01]}
{[%emt 00:03:18]} Bd6 {[%clk 00:51:51]} {[%emt 00:17:34]} 26. Ra8 {[%clk
01:09:32]} {[%emt 00:03:59]} Rxa8 {[%clk 00:51:01]} {[%emt 00:01:21]} 27. Qxa8+
{[%clk 01:09:59]} {[%emt 00:00:03]} Qc8 {[%clk 00:50:46]} {[%emt 00:00:45]} 28.
Qf3 {[%clk 01:07:07]} {[%emt 00:03:21]} Qc7 {[%clk 00:47:00]} {[%emt 00:04:14]}
29. Nh5 {[%clk 01:06:09]} {[%emt 00:01:30]} Be7 {[%clk 00:41:09]} {[%emt
00:06:21]} 30. Kg2 {[%clk 01:02:15]} {[%emt 00:04:24]} Qc6 {[%clk 00:39:27]}
{[%emt 00:02:12]} 31. Rb1 {[%clk 01:02:09]} {[%emt 00:00:36]} Bd6 {[%clk
00:36:04]} {[%emt 00:03:54]} 32. Rb7 {[%clk 01:00:43]} {[%emt 00:01:55]} Bc7
{[%clk 00:33:13]} {[%emt 00:03:21]} 33. Nf4 {[%clk 00:55:57]} {[%emt 00:05:17]}
Bxf4 {[%clk 00:32:18]} {[%emt 00:01:24]} 34. Qxc6 {[%clk 00:55:34]} {[%emt
00:00:53]} Rxc6 {[%clk 00:32:23]} {[%emt 00:00:25]} 35. gxf4 {[%clk 00:55:59]}
{[%emt 00:00:05]} Rd6 {[%clk 00:32:16]} {[%emt 00:00:33]} 36. Kf3 {[%clk
00:56:00]} {[%emt 00:00:34]} Kf7 {[%clk 00:32:36]} {[%emt 00:00:09]} 37. Rb8
{[%clk 00:54:02]} {[%emt 00:02:29]} h6 {[%clk 00:32:32]} {[%emt 00:00:33]} 38.
Kg4 {[%clk 00:54:03]} {[%emt 00:00:30]} Rd5 {[%clk 00:32:20]} {[%emt 00:00:42]}
39. Rc8 {[%clk 00:53:38]} {[%emt 00:00:55]} Ra5 {[%clk 00:32:04]} {[%emt
00:00:44]} 40. Rc7 {[%clk 00:47:54]} {[%emt 00:06:15]} Ke7 {[%clk 00:32:18]}
{[%emt 00:00:16]} 41. Rc2 {[%clk 00:47:58]} {[%emt 00:00:26]} Rb5 {[%clk
00:32:13]} {[%emt 00:00:35]} 42. Ra2 {[%clk 00:48:11]} {[%emt 00:00:17]} Kf7
{[%clk 00:32:16]} {[%emt 00:00:28]} 43. Kg3 {[%clk 00:46:32]} {[%emt 00:02:09]}
Ke7 {[%clk 00:32:11]} {[%emt 00:00:35]} 44. Ra4 {[%clk 00:46:38]} {[%emt
00:00:24]} f5 {[%clk 00:31:46]} {[%emt 00:00:55]} 45. Ra8 {[%clk 00:46:00]}
{[%emt 00:01:08]} Rb1 {[%clk 00:31:59]} {[%emt 00:00:16]} 46. Kg2 {[%clk
00:46:23]} {[%emt 00:00:07]} Rb2 {[%clk 00:32:04]} {[%emt 00:00:25]} 47. Ra5
{[%clk 00:46:47]} {[%emt 00:00:07]} Rb1 {[%clk 00:32:15]} {[%emt 00:00:18]} 48.
Ra3 {[%clk 00:45:19]} {[%emt 00:01:59]} Rb2 {[%clk 00:32:16]} {[%emt 00:00:28]}
49. Rd3 {[%clk 00:45:22]} {[%emt 00:00:28]} d5 {[%clk 00:32:06]} {[%emt
00:00:41]} 50. Ra3 {[%clk 00:45:31]} {[%emt 00:00:21]} Rb1 {[%clk 00:32:07]}
{[%emt 00:00:28]} 51. Ra2 {[%clk 00:44:09]} {[%emt 00:01:52]} Rb3 {[%clk
00:32:27]} {[%emt 00:00:09]} 52. Ra1 {[%clk 00:44:33]} {[%emt 00:00:07]} Rb2
{[%clk 00:32:25]} {[%emt 00:00:32]} 53. Rg1 {[%clk 00:44:37]} {[%emt 00:00:25]}
Ra2 {[%clk 00:32:34]} {[%emt 00:00:22]} 54. Rh1 {[%clk 00:44:30]} {[%emt
00:00:37]} Rb2 {[%clk 00:32:45]} {[%emt 00:00:18]} 55. Rh2 {[%clk 00:44:38]}
{[%emt 00:00:22]} Rb1 {[%clk 00:32:56]} {[%emt 00:00:19]} 56. h5 {[%clk
00:44:05]} {[%emt 00:01:04]} Ra1 {[%clk 00:33:10]} {[%emt 00:00:16]} 57. Kf3
{[%clk 00:43:59]} {[%emt 00:00:36]} Kf7 {[%clk 00:33:31]} {[%emt 00:00:08]} 58.
Ke2 {[%clk 00:44:04]} {[%emt 00:00:26]} Ra3 {[%clk 00:33:28]} {[%emt 00:00:34]}
59. Kd2 {[%clk 00:44:29]} {[%emt 00:00:04]} Rb3 {[%clk 00:33:47]} {[%emt
00:00:11]} 60. Kc2 {[%clk 00:44:55]} {[%emt 00:00:04]} Ra3 {[%clk 00:34:13]}
{[%emt 00:00:04]} 61. Kb2 {[%clk 00:45:19]} {[%emt 00:00:06]} Rd3 {[%clk
00:34:22]} {[%emt 00:00:20]} 62. Kc1 {[%clk 00:43:37]} {[%emt 00:02:12]} Rc3+
{[%clk 00:34:37]} {[%emt 00:00:16]} 63. Kb2 {[%clk 00:44:00]} {[%emt 00:00:07]}
Rd3 {[%clk 00:35:03]} {[%emt 00:00:04]}  1/2-1/2

[Event "56th Hull Congress"]
[Site "Hull"]
[Date "2019.11.03"]
[Round "5"]
[Board "14"]
[White "Staples, Daniel J"]
[Black "Maladkar, Ritika"]
[Result "1/2-1/2"]
[WhiteElo "1983"]
[BlackElo "1547"]
[PlyCount "0"]
[EventDate "2019.11.01"]
[EventRounds "5"]
[EventCountry "ENG"]

1. d4 {[%clk 01:30:59]} Nf6 {[%clk 01:30:55]} {[%emt 00:00:06]} 2. Nf3 {[%clk
01:31:22]} {[%emt 00:00:06]} e6 {[%clk 01:31:13]} {[%emt 00:00:12]} 3. e3
{[%clk 01:31:18]} {[%emt 00:00:34]} b6 {[%clk 01:31:14]} {[%emt 00:00:29]} 4.
Bd3 {[%clk 01:31:43]} {[%emt 00:00:06]} Bb7 {[%clk 01:31:32]} {[%emt 00:00:12]}
5. O-O {[%clk 01:32:05]} {[%emt 00:00:08]} Be7 {[%clk 01:31:36]} {[%emt
00:00:25]} 6. Nbd2 {[%clk 01:32:27]} {[%emt 00:00:07]} O-O {[%clk 01:31:02]}
{[%emt 00:01:05]} 7. e4 {[%clk 01:32:12]} {[%emt 00:00:46]} c5 {[%clk
01:30:01]} {[%emt 00:01:31]} 8. c3 {[%clk 01:32:25]} {[%emt 00:00:17]} d6
{[%clk 01:27:48]} {[%emt 00:02:42]} 9. Qe2 {[%clk 01:31:55]} {[%emt 00:01:00]}
Nc6 {[%clk 01:26:14]} {[%emt 00:02:04]} 10. Re1 {[%clk 01:30:22]} {[%emt
00:02:03]} cxd4 {[%clk 01:23:08]} {[%emt 00:03:37]} 11. Nxd4 {[%clk 01:28:46]}
{[%emt 00:02:04]}  1/2-1/2